000
00304nam a2200121Ia 4500
008
240624s9999 xx 000 0 und d
041
_a
eng
082
_a
338.5024658 DEA338.5024658 DEA
100
_a
DATTA DEBABRATA
245
_a
MANAGERIAL ECONOMICS
260
_c
2017
_a
New Delhi
_b
PHI
365
_c
RS
_b
30
999
_c
32538
_d
32538